Introduction to computer science programming and problems solving with Pascal (Record no. 40623)

MARC details
000 -LEADER
fixed length control field 00339nam a2200121Ia 4500
082 ## - DEWEY DECIMAL CLASSIFICATION NUMBER
Classification number 681.31PAS
Item number GRA
100 ## - MAIN ENTRY--AUTHOR NAME
Personal name Graham, Neill
245 #0 - TITLE STATEMENT
Title Introduction to computer science programming and problems solving with Pascal
250 ## - EDITION STATEMENT
Edition statement Ed.4
260 ## - PUBLICATION, DISTRIBUTION, ETC. (IMPRINT)
Place of publication Bombay
Name of publisher Jaico
Year of publication 1989
942 ## - ADDED ENTRY ELEMENTS (KOHA)
Koha item type Books
Holdings
Withdrawn status Lost status Damaged status Not for loan Home library Current library Date acquired Cost, normal purchase price Full call number Accession Number Koha item type
        RRII Library RRII Library 16/12/2021 90.00 681.31PAS GRA 20921 Books